Catalog

Record Details

Catalog Search



Margaritas at the Beach House Hotel / Judith Keim.

Available copies

  • 1 of 1 copy available at LARL/NWRL Consortium.

Current holds

0 current holds with 1 total copy.

Show Only Available Copies
Location Call Number / Copy Notes Barcode Shelving Location Status Due Date
Godel Memorial-Warren Library lp KEI (Text) 35500006911174 Main Available -

Record details

  • ISBN: 9798856210735
  • Physical Description: 468 pages (large print) ; 23 cm.
  • Edition: Large print edition
  • Publisher: Boise, ID : Wild Quail Publishing, [2022]

Content descriptions

Summary, etc.:
An upscale hotel like The Beach House Hotel ... Read More
Subject: Large type books.
Women > Fiction.
Friendship > Fiction.
Hotels > Fiction.
Families > Fiction.
Interpersonal relations > Fiction.
Genre: Large type books.
Romance fiction.
Novels.
LDR 03304nam a2200469 i 4500
001477507
003LARL_NWRL_CONSORTIUM
00520260107100444.0
008240911t20162022idu d 000 1 eng d
040 . ‡aTDS ‡beng ‡erda ‡cTDS ‡dOCLCO
020 . ‡a9798856210735
035 . ‡a(OCoLC)1455503224
1001 . ‡aKeim, Judith, ‡d1942- ‡eauthor. ‡1https://id.oclc.org/worldcat/entity/E39PCjFTcRpXJpxgFxmkjXF7Vy
24510. ‡aMargaritas at the Beach House Hotel / ‡cJudith Keim.
250 . ‡aLarge print edition
264 1. ‡aBoise, ID : ‡bWild Quail Publishing, ‡c[2022]
264 4. ‡c©2016
300 . ‡a468 pages (large print) ; ‡c23 cm.
336 . ‡atext ‡btxt ‡2rdacontent
337 . ‡aunmediated ‡bn ‡2rdamedia
338 . ‡avolume ‡bnc ‡2rdacarrier
340 . ‡nlarge print ‡2rdafs
4900 . ‡aBeach House Hotel ; ‡v5
520 . ‡aAn upscale hotel like The Beach House Hotel sometimes attracts surprise guests ... Ann and Rhonda continue overseeing their Beach House Hotel along the Gulf Coast of Florida and providing guests with a lovely experience of good eating, relaxation, and the privacy many of them require. When Vice President of the United States, Amelia Swanson, asks them for a favor, Ann and Rhonda agree without realizing it means protecting Amelia's sister from an abusive husband and a nosy public, including their nemesis, Brock Goodwin, who hopes to gain something from the knowledge. But once they've said yes, there's no going back. Life continues at a busy pace with their families growing baby by baby. Nell, Vaughn's daughter, has a baby girl; Rhonda's daughter, Angela, has her second baby, a girl; and Liz, Ann's daughter, is desperately trying to get pregnant. With all the tension and activity taking place at home and at the hotel, Ann and Rhonda meet in the afternoon when they can for margaritas and private talk. Rhonda, especially, needs Ann's guidance in how to handle Katherine Smythe, Angela's mother-in-law, and one of the most irritating people they know. After they have what Rhonda calls a "near-death experience," they come to realize how lucky they are. And when another wedding takes place at the hotel due to what Rhonda believes is her matchmaking skills, they celebrate life and margaritas at The Beach House Hotel in a whole different way. This is a light-hearted, fun beach read with characters readers love. Be sure and read all the other books in this series: Breakfast at The Beach House Hotel, Lunch at The Beach House Hotel, Dinner at The Beach House Hotel, Christmas at The Beach House Hotel, and the upcoming Dessert at The Beach House Hotel.
650 0. ‡aLarge type books. ‡0(LARL_NWRL_CONSORTIUM)24284
650 0. ‡aWomen ‡vFiction.
650 0. ‡aFriendship ‡vFiction. ‡0(LARL_NWRL_CONSORTIUM)164944
650 0. ‡aHotels ‡vFiction. ‡0(LARL_NWRL_CONSORTIUM)165690
650 0. ‡aFamilies ‡vFiction. ‡0(LARL_NWRL_CONSORTIUM)164942
650 0. ‡aInterpersonal relations ‡vFiction. ‡0(LARL_NWRL_CONSORTIUM)165331
655 0. ‡aLarge type books.
655 7. ‡aRomance fiction. ‡2lcgft
655 7. ‡aNovels. ‡2lcgft
901 . ‡a477507 ‡bAUTOGEN ‡c477507 ‡tbiblio

Additional Resources